| 000 | 00467cam a2200181ua 4500 | ||
|---|---|---|---|
| 020 | _c895.00 | ||
| 041 |
_aeng _h |
||
| 082 |
_a551.45 _bHUG/FU |
||
| 100 | _aHugget, Richard John . | ||
| 245 |
_aFundamentals of geomorphology / _cRichard John Hugget. _hTextual Documents |
||
| 250 |
_a2 / _b. |
||
| 260 |
_aLondon : _bRoutledge & Kegan Paul Ltd , _c2007. |
||
| 300 | _a458 ; . | ||
| 365 | _a895.00 | ||
| 504 | _a | ||
| 942 | _cBK | ||
| 999 |
_c13103 _d13103 |
||